000 00634nam a2200193Ii 4500
003 JO-AjNU
008 230605s9999||||xx |||||||||||||| ||und||
040 _aJO-AjNU
_bara
_erda
_cJO-AjNU
041 _aara
050 1 4 _aPN6410.N3722 1900
100 3 _aإعداد ناصيف،إميل,
_eauthor
_913796
245 0 0 _aمن أروع ما قال حكماء العالم
264 3 1 _aبيروت: دار الجيل، 1900
300 _a232ص
336 _atext
_btxt
_2rdacontent
337 _aunmediated
_bn
_2rdamedia
338 _avolume
_bnc
_2rdacarrier
650 4 _aالأدب العربي - حكم - حكماء العالم
_913797
999 _aA3527
_c7095
_d7095